000 00750nas a2200253 4500
001 BR8404519
003 BR-BrBNA
005 20231205085956.0
007 ta
008 230509b bl.|||p| |||| 00| 00por d
040 _aBR-BrBNA
_bpor
_cBiblioteca Nacional de Agricultura
041 _a(Pt)
072 _aE40
100 1 _aSorj, B.
100 1 _aWilkinson, J.
100 1 _aCoradini, O.
245 1 _aTecnologia, cooperativismo rural e agroindustria
650 _aTECNOLOGIA AGRICOLA
650 _aINDUSTRIA AGRICOLA
650 _aCOOPERATIVISMO
773 0 _tCadernos de Difusao de Tecnologia (Brazil)
_xISSN 0102-1869
_g(Sep-Dec 1984), v. 1(3) p. 383-394
_wBR8404519
909 _a202311
_bLúcia
_c55
_dLúcia Elande
942 _2AGRIS
_n0
_cANA
999 _c115243
_d115243